Quiz #2 - 100% logique - Statistiques

Statistiques générales
  • Ce quiz a été pris 429 fois
  • Le résultat moyen est 11 sur 20
Statistiques - réponses
Questions Réponses % Correct
Si l'on écrit les mois de l'année dans l'ordre alphabétique, lequel arrive en 3° position ? Décembre Explication : En classant les mois de l'année par ordre alphabétique, cela donne : Août / Avril / Décembre / Février / Janvier / Juillet / Juin / Mai / Mars / Novembre / Octobre / Septembre. Dans cet ordre, le 3° mois est donc bien "Décembre".
75%
Il est 14h32. Quelle sera la prochaine heure qui contiendra exactement chacun des quatre chiffres 1, 2, 3 et 4 ? 21h34 Explication : Les heures possibles sont : 12h34 / 12h43 / 13h24 / 13h42 / 14h23 / 14h32 / 21h34 / 21h43 / 23h14 et 23h41. La première heure suivant 14h32 est donc bien 21h34.
71%
Quelle plaque d'immatriculation est différente des trois autres ? a) 12-ABM-13 b) 53-ECK-11 c) 41-FDZ-23 d) 27-BGY-25 La plaque d'immatriculation c) Explication : Pour les plaques a) / b) / d), les nombres correspondent au positionnement des lettres dans l'alphabet. Pour la plaque a) par exemple, le nombre "12" correspond en effet au positionnement des lettres A et B dans l'alphabet, tandis que le nombre "13" correspond à celui de la lettre "M". Si la plaque c) respectait la même logique que les trois autres, cela aurait alors dû donner : 64-FDZ-26.
68%
Selon cette logique, quel pays parmi les deux premiers itinéraires complète l'itinéraire n°3 ? - Pakistan ➔ Népal ➔ Liban - Honduras ➔ Suède ➔ Espagne - Portugal ➔ ? ➔ Norvège Liban Explication : Pour les itinéraires n°1 et 2, le deuxième pays commence par la dernière lettre du premier pays et se termine par la première lettre du troisième pays. Ainsi, pour l'itinéraire n°3, le pays manquant doit commencer par la lettre "L" (de Portugal) et se terminer par la lettre "N" (de Norvège). Parmi les pays des deux premiers itinéraires, seul le "Liban" respecte cette logique.
68%
Complétez cette suite logique : - Avisé = 2 - Habile = 3 - Prévoyant = 5 - Perspicace = ? 6 Explication : Les chiffres correspondent au nombre de consonnes de chaque mot. Le mot "Perspicace" contenant 6 consonnes, le chiffre manquant est donc bien le "6".
67%
D'après cette séquence, quelle lettre du mot "NEUF" devrait être soulignée ? UN DEUX TROIS QUATRE CINQ SIX SEPT HUIT NEUF La lettre U Explication : Les lettres soulignées correspondent aux lettres communes avec le mot précédent. "NEUF" ayant la lettre "U" en commun avec "HUIT", c'est donc bien cette lettre qu'il faut souligner.
67%
Quelle lettre devrait-on logiquement inscrire sur la langue de ce petit garçon ?
(cliquez ou survolez l'image pour l'agrandir)
La lettre G Explication : Les lettres inscrites sur les différentes parties du corps correspondent aux sens auxquels elles sont rattachées ("T" pour le toucher / "O" pour l'ouïe et l'odorat / "V" pour la vue / et donc "G" pour le goût).
61%
En écrivant phonétiquement la phrase ci-dessous avec un minimum de lettres et de chiffres, combien de caractères obtenez-vous ? Hélène de Troie a vécu au pays grec 10 Explication : Phonétiquement, la phrase s'écrit ainsi : LN23AVQOPY. Elle comprend donc bien 10 caractères.
60%
En vue de son audition, Nathalie s'est préparé des voyelles à vocaliser pour chaque jour de la semaine. Quelles sont les trois prochaines voyelles qu'elle devra chanter ? UI - AI - EEI - EUI - EEI - AEI - ??? IAE Explication : La suite correspond aux voyelles de chaque jour de la semaine. Les trois voyelles du jour manquant (Dimanche) sont donc bien "IAE".
58%
D'après la logique de ces duos de mots, quel mot doit être associé à "Canon" : Boudin, Cassoulet, Méchoui, Moussaka ou Blanquette ? - Troublant / Entonnoir - Déjeuner / Pluvieux - Beffroi / Poncho - Fabien / Jamal - Essentiel / Solitaire - Canon / ? Méchoui Explication : Chaque duo de mots contient des sons antonymes. Troublant / Entonnoir -- Déjeuner / Pluvieux -- Beffroi / Poncho -- Fabien / Jamal -- Essentiel / Solitaire -- donc Canon / Méchoui.
58%
Quel nombre doit logiquement remplacer les points d'interrogation ? 12 - 24 - 35 - 46 - 54 - 63 - ?? - 84 74 Explication : À chaque étape, le premier chiffre augmente de 1 par rapport au précédent. Le deuxième chiffre correspond, quant à lui, au nombre de lettres du premier chiffre écrit en toutes lettres. Le nombre manquant est donc bien "74" (puisque 6 + 1 = 7, et "Sept" s'écrit en quatre lettres).
57%
Quel chiffre doit venir compléter cette suite logique ? 4 - 7 - 4 - 5 - 9 - 5 - 5 - ? 7 Explication : Les chiffres de la suite correspondent au nombre de lettres de chaque mot de la question. Le mot "logique" contenant 7 lettres, le chiffre manquant est donc bien le "7".
54%
Une seule lettre complète cette séquence. Laquelle ? U - E - T - P - E - N - ? La lettre L
Explication : Chaque lettre de la séquence correspond à une lettre de l'énoncé. La lettre "U" correspond en effet à la première lettre du premier mot de l'énoncé. La lettre "E" correspond à la deuxième lettre du deuxième mot de l'énoncé, etc etc. Il faut ainsi compléter la séquence par la septième lettre du septième mot de l'énoncé (c'est-à-dire par la lettre "L").
53%
Quel nombre doit logiquement remplacer le point d'interrogation ? 2 - 10 - 12 - 17 - 18 - ? 19 Explication : Tous les nombres de la suite commencent par la lettre "D" lorsqu'ils sont écrits en toutes lettres. Le nombre qui suit 18, et qui commence lui aussi par la lettre D lorsqu'il est écrit en toutes lettres, est donc bien "19".
49%
Déchiffrez l'énigme ci-dessous pour trouver la lettre manquante : 671 J 71 ? J Explication : Phonétiquement, "671 J 71" se lit "Si c'est un J c'est un … ?". La lettre attendue est donc bien le "J".
47%
Quelle lettre doit logiquement remplacer le point d'interrogation dans cette suite ? PS - EE - AE - H? La lettre R Explication : La suite comprend les première et dernière lettres de chaque saison (PrintempS / ÉtÉ / AutomnE, et donc HiveR).
45%
Dans la séquence ci-dessous, que représentent les lettres "V" et "C" ? VCCCVCCCVCCCCCVCCCCCVCCCVC Les Voyelles et Consonnes Explication : La séquence correspond aux 26 lettres de l'alphabet en indiquant, pour chacune, s'il s'agit d'une voyelle ("V") ou d'une consonne ("C").
37%
En respectant la logique des égalités ci-dessous, quel nombre doit être associé à "Mercredi" ? - Samedi = 6612 - Dimanche = 8715 - Lundi = 516 - Mardi = 527 - Mercredi = ? 8311 Explication : Le premier chiffre correspond au nombre de lettres que le jour contient. Le deuxième chiffre correspond au positionnement du jour dans la semaine. Les deux derniers chiffres résultent de la somme des deux premiers. Ainsi : "Mercredi" contient 8 lettres, c'est le 3° jour de la semaine, et 8 + 3 = 11. Le nombre recherché est donc bien "8311".
35%
En notant les anniversaires de ses amis pour 2026, Youri remarque un point commun. Quelle sera la prochaine date d'anniversaire qu'il notera sur son calendrier ? 24 janvier - 12 février - 8 mars - 6 avril - 4 juin - ? 3 août Explication : Chaque date respecte la règle suivante : jour x numéro du mois = 24. Par exemple : "8 Mars" = 8 x 3 (Mars étant le troisième mois de l'année) = 24. Ainsi, la date d'anniversaire succédant au 4 juin et respectant cette règle est le "3 Août" [puisque 3 x 8 (Août étant le huitième mois de l'année) = 24].
30%
En utilisant seulement deux lettres différentes pour remplacer tous les " - ", quel mot écrirez-vous ? - - S - - V - - Réserver Explication : Les deux lettres "R" et "E" permettent effectivement d'écrire le mot "Réserver".
23%
Aucun quiz correspondant
Distribution des résultats
% des personnes avec chaque résultat
Percentile par nombre de réponses
Votre historique - résultats
Vous n’avez pas pris ce quiz